Southville International School and Colleges
Your cart is empty.
  • Cart
  • Lists
    Public lists Eva Luna New books Lux_list list_1
    Your lists Log in to create your own lists
  • Log in to your account
  • Your cookies
  • Search history
Southville International School and Colleges
  • Advanced search
  • Recent comments
  • Most popular
  • Libraries

Log in to your account

Log in with GOOGLE


If you do not have an external account, but do have a local account, you can still log in:

  1. Home
  2. MARC view: Accounting for non-accountants /
Normal view MARC view ISBD view

Accounting for non-accountants / (Record no. 288837)

[ view plain ]
MARC details
000 -LEADER
fixed length control field 00603nam a22002050 4500
001 - CONTROL NUMBER
control field ocm9715550134
003 - CONTROL NUMBER IDENTIFIER
control field PILC
005 - DATE AND TIME OF LATEST TRANSACTION
control field 20151008145159.0
008 - FIXED-LENGTH DATA ELEMENTS--GENERAL INFORMATION
fixed length control field 970304s1993
020 ## - INTERNATIONAL STANDARD BOOK NUMBER
International Standard Book Number 9715550134
050 ## - LIBRARY OF CONGRESS CALL NUMBER
Classification number HF 5635
Item number .C889 1993
100 1# - MAIN ENTRY--PERSONAL NAME
Personal name Cruz, Daniel R.
245 10 - TITLE STATEMENT
Title Accounting for non-accountants /
Statement of responsibility, etc Daniel R. Cruz.
260 ## - PUBLICATION, DISTRIBUTION, ETC. (IMPRINT)
Place of publication, distribution, etc Manila :
Name of publisher, distributor, etc De La Salle University Press,
Date of publication, distribution, etc 1993.
300 ## - PHYSICAL DESCRIPTION
Extent 213 pages :
Other physical details illustrations ;
Dimensions 22 cm.
500 ## - GENERAL NOTE
General note Includes index.
650 ## - SUBJECT ADDED ENTRY--TOPICAL TERM
Topical term or geographic name as entry element Accounting.
650 ## - SUBJECT ADDED ENTRY--TOPICAL TERM
Topical term or geographic name as entry element Accounting
General subdivision Problems, exercises, etc.
942 ## - ADDED ENTRY ELEMENTS (KOHA)
Source of classification or shelving scheme Library of Congress Classification
Koha item type Books
Call number prefix Local
Holdings
Withdrawn status Lost status Source of classification or shelving scheme Damaged status Home library Current library Shelving location Date acquired Source of acquisition Sub Shelving location Total Checkouts Full call number Barcode Date last seen Price effective from Koha item type
    Library of Congress Classification   College Library College Library Filipiniana Section 10/08/2015 Donation     HF 5635 .C889 1993 C20159 05/08/2018 10/08/2015 Books

Accounting for non-accountants /

APA

Cruz D. R., . (1993). Accounting for non-accountants. Manila: De La Salle University Press.

Chicago

Cruz Daniel R, . 1993. Accounting for non-accountants. Manila: De La Salle University Press.

Harvard

Cruz D. R., . (1993). Accounting for non-accountants. Manila: De La Salle University Press.

MLA

Cruz Daniel R, . Accounting for non-accountants. Manila: De La Salle University Press. 1993.

  • Place hold
  • Print
  • Cite
  • Add to your cart (remove)
  • Save record
    BIBTEX Dublin Core MARCXML MARC (non-Unicode/MARC-8) MARC (Unicode/UTF-8) MARC (Unicode/UTF-8, Standard) MODS (XML) RIS
  • More searches
    Search for this title in:
    Other Libraries (WorldCat) Other Databases (Google Scholar) Online Stores (Bookfinder.com) Open Library (openlibrary.org)

Exporting to Dublin Core...

SOUTHVILLE LIBRARY

Southville International School and Colleges Library

1281 Tropical Ave. Cor. Luxembourg St., BF Homes International, Las Pinas City

Tel. No. 8256374 / 252358 Loc. 117/146

Powered by Koha